Studies on book one of the Psalms / (Record no. 3712)

MARC details
000 -LEADER
fixed length control field 00475nam a22001697a 4500
003 - CONTROL NUMBER IDENTIFIER
control field GBCCL
005 - DATE AND TIME OF LATEST TRANSACTION
control field 20241126110501.0
008 - FIXED-LENGTH DATA ELEMENTS--GENERAL INFORMATION
fixed length control field 171205b xxu||||| |||| 00| 0 eng d
040 ## - CATALOGING SOURCE
Transcribing agency gbc
082 ## - DEWEY DECIMAL CLASSIFICATION NUMBER
Classification number 223.2061
Item number IRO
100 ## - MAIN ENTRY--PERSONAL NAME
Personal name Ironside, H. A.
9 (RLIN) 7346
245 ## - TITLE STATEMENT
Title Studies on book one of the Psalms /
Statement of responsibility, etc. H. A. Ironside
260 ## - PUBLICATION, DISTRIBUTION, ETC.
Place of publication, distribution, etc. New York:
Name of publisher, distributor, etc. Loizeaux Brothers, Inc.,
Date of publication, distribution, etc. 1963
300 ## - PHYSICAL DESCRIPTION
Extent 150p.;
Dimensions 20 cm.
650 ## - SUBJECT ADDED ENTRY--TOPICAL TERM
Topical term or geographic name entry element Bible
Form subdivision Psalms
General subdivision commentaries
9 (RLIN) 7533
942 ## - ADDED ENTRY ELEMENTS (KOHA)
Source of classification or shelving scheme Dewey Decimal Classification
Koha item type Books
Koha issues (borrowed), all copies 7
Holdings
Withdrawn status Lost status Source of classification or shelving scheme Damaged status Not for loan Home library Current Library Shelving location Date acquired Total checkouts Full call number Barcode Date last seen Date last checked out Copy number Price effective from Koha item type
    Dewey Decimal Classification     GRACE BIBLE COLLEGE GRACE BIBLE COLLEGE Biblical Studies 2017-12-05 7 223.2061 IRO 005234 2025-05-01 2023-07-28 c.1 2017-12-05 Books
© Grace Bible College Library 2025